| 000 | 00659nam a2200229Ia 4500 | ||
|---|---|---|---|
| 003 | OSt | ||
| 005 | 20220918214203.0 | ||
| 006 | a|||||r|||| 00| 0 | ||
| 007 | ta | ||
| 008 | 220917b |||||||| |||| 00| 0 eng d | ||
| 024 | _a136,185 | ||
| 037 | _cTextual | ||
| 040 |
_aARTS _cARTS _beng |
||
| 041 |
_2eng _aeng |
||
| 082 | _aX9:9166.3.N5, K8 | ||
| 100 |
_aWright Peter L _9130105 |
||
| 245 | 0 | _aColoured worker in British industry with special reference to the Midlands and North of England | |
| 260 |
_aNA _bNA _c1968 |
||
| 650 | _aECONOMICS | ||
| 942 |
_hX9:9166.3.N5, K8 _cTEXL _2CC |
||
| 999 |
_c259275 _d259275 |
||